| 000 | 01882nam a2200385 c 4500 | ||
|---|---|---|---|
| 003 | BLK | ||
| 005 | 20180420235905.0 | ||
| 008 | 180411b bul|||||r ||||||| ||bul|| | ||
| 010 | _aKNG00187760000 | ||
| 040 | _aBLK | ||
| 041 |
_aBUL _cBUL |
||
| 072 | 7 |
_2bullib _aН33 _xИкономика Н |
|
| 080 |
_aХарактеристика според мотивите, задачите и целите на туризма(със знака за отношение :) _b338.48-6 _x:663.2(035) _z338.48-6:663.2(035) |
||
| 080 |
_aХарактеристика според мотивите, задачите и целите на туризма(със знака за отношение :) _b338.48-6 _x:634.8(035) _z338.48-6:634.8(035) |
||
| 100 | 1 |
_aЛабейри, Ги _eпърви автор _986918 |
|
| 139 |
_aЛабейри, Ги _bЛ 12 |
||
| 245 | 1 | 0 |
_aКратко практическо помагало за винарски туризъм _bКак се прави това в малките изби : Опитът на един френски винар _cГи Лабейри. |
| 257 | _aFRA | ||
| 260 |
_аСофия _c2010 _fСофия : Мойра-3 |
||
| 300 |
_a32 с. _bс цв. ил. _c24 см |
||
| 380 | _a63 | ||
| 500 | _aКор. загл. Винарски туризъм ; Без сведение за ориг. загл. - Съдържа и за авт. | ||
| 650 | 4 |
_aТуризъм, винен _9341610 |
|
| 650 | 4 |
_aВино - дегустация _9296028 |
|
| 650 | 4 |
_aТуризъм, алтернативен _9292531 |
|
| 653 | _aвинен туризъм | ||
| 653 | _aалтернативен туризъм | ||
| 653 | _aръководства | ||
| 659 | _aН | ||
| 852 | _aЦб 280466 | ||
| 856 | 4 |
_qpdf _u |
|
| 856 | 4 |
_qpdf _u |
|
| 942 |
_cKNG _n0 |
||
| 944 |
_aCR _c13.05.2016 _lф / _kВиолета_Тройчева |
||
| 944 |
_aED _c26.07.2016 _lф / _kЛюдмила_Стоянова |
||
| 999 |
_c178997 _d178997 |
||